Voľby ako demokratický proces.

Obsahom konzultácie je o.i. vyhlásenie volieb, vytvorenie Ústrednej volebnej komisie a krajských komisií, podanie kandidátnych listín a ich prerokovanie krajskou volebnou komisiou.

Uložené v:
Podrobná bibliografia
Hlavný autor: Hřebejk, J.
Médium: Kapitola
Jazyk:Slovak
Predmet:
Tagy: Pridať tag
Žiadne tagy, Buďte prvý, kto otaguje tento záznam!

MARC

LEADER 00000naa a2200000 4500
001 r011300
005 20220831085643.3
041 0 |a slo 
044 |a [CS] 
245 1 0 |a Voľby ako demokratický proces.  |c J. Hřebejk 
520 |a Obsahom konzultácie je o.i. vyhlásenie volieb, vytvorenie Ústrednej volebnej komisie a krajských komisií, podanie kandidátnych listín a ich prerokovanie krajskou volebnou komisiou. 
610 2 0 |a voľby 
610 2 0 |a demokracia 
610 2 0 |a organizácia 
610 2 0 |a ČSFR 
610 2 0 |a 1992 
100 1 |a Hřebejk, J.